| 000 | 00911cab a2200265 4500 | ||
|---|---|---|---|
| 001 | ABS55129 | ||
| 008 | 090401t1996 xxu||||| |||| 00| 0 eng d | ||
| 035 | _a(Sirsi) u14406 | ||
| 041 | _aeng | ||
| 100 | _aCook, A. | ||
| 245 | _aResearch brings breath of fresh air | ||
| 260 | _c1996 | ||
| 350 | _a0 | ||
| 490 |
_aBuilding _v261(7941) 17 May 1996, 58(1) |
||
| 520 | _aDiscusses new research into the use of low-energy natural ventilation systems and their ability to cope with heavy office heat loads. | ||
| 650 | _aBUILT ENVIRONMENT-BUILDING ELEMENTS-COMPLETE BUILDING SERVICES ELEMENTS-COMPLETE HEATING, VENTILATION AND AIR CONDITIONING SYSTEMS | ||
| 650 | _aCILLED CEILING SYSTEMS | ||
| 650 | _aCOMPARISON | ||
| 650 | _aCOSTS | ||
| 650 | _aDISPLACEMENT VENTILATION SYSTEMS | ||
| 650 | _aNATURAL VENTILATION SYSTEMS | ||
| 690 |
_aBlock management _96220 |
||
| 942 | _n0 | ||
| 948 | _c04/03/1997 | ||
| 999 |
_c9383 _d9383 |
||